| 000 | 00661nam a2200205 i 4500 | ||
|---|---|---|---|
| 001 | 65565 | ||
| 003 | ES-MaACL | ||
| 005 | 20231114062533.0 | ||
| 007 | t| | ||
| 008 | 040115s1959 sp ||||1| spa d | ||
| 100 | 1 |
_aFriedrich, Hugo. _952652 |
|
| 245 | 1 | 0 |
_aEstructura de la lírica moderna _b: de Baudelaire hasta nuestros días / _cHugo Friedrich ; traducción española de Juan Petit. |
| 260 |
_aBarcelona : _bSeix Barral, _c1959. |
||
| 300 |
_a414 p. ; _c17 cm. |
||
| 490 | 1 | _aBiblioteca breve | |
| 700 | 1 |
_aPetit, Juan. _991508 |
|
| 830 | 0 |
_aBiblioteca breve (Seix Barral) _9227188 |
|
| 852 |
_aES-MaACL _jC-16363 _bR.44166 |
||
| 999 |
_c65565 _d65565 |
||